Sports Quiz

Random Sports or Football Quiz

Virginia Tech Football Awards Quiz Stats

Quiz not verified by Sporcle

Challenge
Share
Tweet
Embed
Score 0/11 Timer 02:00
0 Plays Today
Award Name % Correct
ESPY - National Player of the YearMichael Vick
92.8%
Joseph V. Paterno AwardFrank Beamer
86.7%
Broyles Award (assistant coaches)Bud Foster
86.7%
Archie Griffen Award (season MVP)Michael Vick
81.9%
Paul 'Bear' Bryant AwardFrank Beamer
80.7%
Bronko Nagurski Trophy (defense)Corey Moore
75.9%
Outland Trophy (interior lineman)Bruce Smith
75.9%
Lombardi Award (lineman or linebacker)Corey Moore
69.9%
George Munger AwardFrank Beamer
67.5%
Dave Rimington Trophy (center)Jake Grove
62.7%
Sammy Baugh Trophy (quarterback)Don Strock
53%

You're not logged in!

Compare scores with friends on all Sporcle quizzes.
Sign Up with Email
OR
Log In

You Might Also Like...

Show Comments

Extras

Top Quizzes Today


Score Distribution

Your Account Isn't Verified!

In order to create a playlist on Sporcle, you need to verify the email address you used during registration. Go to your Sporcle Settings to finish the process.